Hidup sejahtera dalam naungan Islam

Bibliographic Details
Main Author: Badri, Abdul Aziz
Format: Book
Language:English
Published: Jakarta Gema Insani Press 1993
Subjects:
LEADER 00587cam a2200193 a 4500
001 0000134566
005 20121016090000.0
040 |a mod 
041 |a eng 
090 0 0 |a 297.1978  |b BAD  |e 1993 
100 0 |a Badri, Abdul Aziz 
245 0 0 |a Hidup sejahtera dalam naungan Islam  |c Abdul Aziz Al-Badri 
260 |a Jakarta  |b Gema Insani Press  |c 1993 
300 |a 69 p.  |c 17 cm 
650 0 0 |a Islam and politics 
650 0 0 |a Sociology  |x Islamic 
650 0 0 |a Islam and sosial problems 
852 0 0 |a 01 
999 |a B000020169  |b PU SUBANG (TUDM SUBANG)  |d BOOKS  |e Umum  |f PU Subang (TUDM Subang)  |j AVAILABLE  |q GOOD CONDITION